| 000 | 00486nam a2200181Ia 4500 | ||
|---|---|---|---|
| 003 | LK-CoDNM | ||
| 005 | 20241211112231.0 | ||
| 008 | 010623t1960 xxu||||| |||| 00| 1 eng d | ||
| 040 |
_aLK-CoDNM _dLK-CoDNM _eLK-CoDNM |
||
| 041 | _aeng | ||
| 080 | _a954.87 | ||
| 245 | _aResearch Work By Officers Of The National Museums Of Ceylon From 1925-1960 | ||
| 260 |
_bThe National Museums Of Ceylon _c1960 |
||
| 300 | _b147p. ; 28 cm | ||
| 650 | _aHistory | ||
| 650 | _a1960 | ||
| 942 | _cBK | ||
| 999 |
_c105247 _d105247 |
||